<?xml version="1.0" encoding="UTF-8"?>
<record
    xmlns:xsi="http://www.w3.org/2001/XMLSchema-instance"
    xsi:schemaLocation="http://www.loc.gov/MARC21/slim http://www.loc.gov/standards/marcxml/schema/MARC21slim.xsd"
    xmlns="http://www.loc.gov/MARC21/slim">

  <leader>01070nas a2200253 454500</leader>
  <controlfield tag="001">32537</controlfield>
  <controlfield tag="005">20260407193508.0</controlfield>
  <controlfield tag="008">260407s1969####ag###########|||spa#d</controlfield>
  <controlfield tag="003">AR-UNSa-BCEJYS</controlfield>
  <datafield tag="040" ind1=" " ind2=" ">
    <subfield code="a">AR-UNSa-BCEJYS</subfield>
    <subfield code="b">spa</subfield>
    <subfield code="c">AR-UNSa-BCEJYS</subfield>
  </datafield>
  <datafield tag="080" ind1=" " ind2=" ">
    <subfield code="a">311.3</subfield>
    <subfield code="x">Organizaci&#xF3;n general de las estadisticas. Estad&#xED;stica oficial</subfield>
  </datafield>
  <datafield tag="245" ind1="1" ind2="0">
    <subfield code="a">Comercio interior</subfield>
  </datafield>
  <datafield tag="264" ind1=" " ind2="1">
    <subfield code="a">Buenos Aires :</subfield>
    <subfield code="b">INDEC</subfield>
    <subfield code="c">1969</subfield>
  </datafield>
  <datafield tag="310" ind1=" " ind2=" ">
    <subfield code="a">Frecuencia: irregular</subfield>
  </datafield>
  <datafield tag="520" ind1=" " ind2=" ">
    <subfield code="a">El presente folleto contiene las series estad&#xED;sticas relacionadas con el "Comercio minorista y prestaci&#xF3;n de servicios" en la Capital Federal, partidos que integran el Gran Buenos Aires y La Plata, as&#xED; como las referidas a "Precios al por mayor"</subfield>
  </datafield>
  <datafield tag="041" ind1=" " ind2=" ">
    <subfield code="a">spa</subfield>
  </datafield>
  <datafield tag="942" ind1=" " ind2=" ">
    <subfield code="c">SER</subfield>
  </datafield>
  <datafield tag="590" ind1=" " ind2=" ">
    <subfield code="a">niveau_biblio:s niveau_hierar:1</subfield>
  </datafield>
  <datafield tag="100" ind1="1" ind2=" ">
    <subfield code="a">Instituto Nacional de Estad&#xED;stica y Censos (INDEC)</subfield>
  </datafield>
  <datafield tag="650" ind1=" " ind2=" ">
    <subfield code="a">Datos estad&#xED;sticos</subfield>
  </datafield>
  <datafield tag="650" ind1=" " ind2=" ">
    <subfield code="a">Comercio interno</subfield>
  </datafield>
  <datafield tag="650" ind1=" " ind2=" ">
    <subfield code="a">COMERCIO MINORISTA</subfield>
  </datafield>
  <datafield tag="856" ind1="4" ind2="1">
    <subfield code="u">https://biblioeco.unsa.edu.ar/pmb/images/revistas/comercio_int.jpg</subfield>
    <subfield code="y">Imagen de portada</subfield>
    <subfield code="q">image/jpeg</subfield>
  </datafield>
  <datafield tag="999" ind1=" " ind2=" ">
    <subfield code="c">8724</subfield>
    <subfield code="d">8724</subfield>
  </datafield>
  <datafield tag="952" ind1=" " ind2=" ">
    <subfield code="0">0</subfield>
    <subfield code="1">0</subfield>
    <subfield code="4">0</subfield>
    <subfield code="7">0</subfield>
    <subfield code="a">BCEJYS</subfield>
    <subfield code="b">BCEJYS</subfield>
    <subfield code="c">17</subfield>
    <subfield code="d">1972-01-01</subfield>
    <subfield code="h">N&#xBA; 67 - ene./sep. 1972</subfield>
    <subfield code="l">0</subfield>
    <subfield code="o">H311.3 CIN 67</subfield>
    <subfield code="p">R19914</subfield>
    <subfield code="r">2026-04-10 16:09:17</subfield>
    <subfield code="w">2026-04-10</subfield>
    <subfield code="y">RN</subfield>
  </datafield>
  <datafield tag="952" ind1=" " ind2=" ">
    <subfield code="0">0</subfield>
    <subfield code="1">0</subfield>
    <subfield code="4">0</subfield>
    <subfield code="7">0</subfield>
    <subfield code="a">BCEJYS</subfield>
    <subfield code="b">BCEJYS</subfield>
    <subfield code="c">17</subfield>
    <subfield code="d">1972-01-01</subfield>
    <subfield code="h">N&#xBA; 68 - ene./dic. 1972</subfield>
    <subfield code="l">0</subfield>
    <subfield code="o">H311.3 CIN 68</subfield>
    <subfield code="p">R16048</subfield>
    <subfield code="r">2026-04-10 16:09:17</subfield>
    <subfield code="w">2026-04-10</subfield>
    <subfield code="y">RN</subfield>
  </datafield>
  <datafield tag="952" ind1=" " ind2=" ">
    <subfield code="0">0</subfield>
    <subfield code="1">0</subfield>
    <subfield code="4">0</subfield>
    <subfield code="7">0</subfield>
    <subfield code="a">BCEJYS</subfield>
    <subfield code="b">BCEJYS</subfield>
    <subfield code="c">17</subfield>
    <subfield code="d">1972-01-01</subfield>
    <subfield code="h">N&#xBA; 66 - ene./jun. 1972</subfield>
    <subfield code="l">0</subfield>
    <subfield code="o">H311.3 CIN 66</subfield>
    <subfield code="p">R16047</subfield>
    <subfield code="r">2026-04-10 16:09:17</subfield>
    <subfield code="w">2026-04-10</subfield>
    <subfield code="y">RN</subfield>
  </datafield>
  <datafield tag="952" ind1=" " ind2=" ">
    <subfield code="0">0</subfield>
    <subfield code="1">0</subfield>
    <subfield code="4">0</subfield>
    <subfield code="7">0</subfield>
    <subfield code="a">BCEJYS</subfield>
    <subfield code="b">BCEJYS</subfield>
    <subfield code="c">17</subfield>
    <subfield code="d">1972-01-01</subfield>
    <subfield code="h">N&#xBA; 65 - ene./mar. 1972</subfield>
    <subfield code="l">0</subfield>
    <subfield code="o">H311.3 CIN 65</subfield>
    <subfield code="p">R16046</subfield>
    <subfield code="r">2026-04-10 16:09:17</subfield>
    <subfield code="w">2026-04-10</subfield>
    <subfield code="y">RN</subfield>
  </datafield>
  <datafield tag="952" ind1=" " ind2=" ">
    <subfield code="0">0</subfield>
    <subfield code="1">0</subfield>
    <subfield code="4">0</subfield>
    <subfield code="7">0</subfield>
    <subfield code="a">BCEJYS</subfield>
    <subfield code="b">BCEJYS</subfield>
    <subfield code="c">17</subfield>
    <subfield code="d">1971-01-01</subfield>
    <subfield code="h">N&#xBA; 64 - ene./dic. 1971</subfield>
    <subfield code="l">0</subfield>
    <subfield code="o">H311.3 CIN 64</subfield>
    <subfield code="p">R16045</subfield>
    <subfield code="r">2026-04-10 16:09:17</subfield>
    <subfield code="w">2026-04-10</subfield>
    <subfield code="y">RN</subfield>
  </datafield>
  <datafield tag="952" ind1=" " ind2=" ">
    <subfield code="0">0</subfield>
    <subfield code="1">0</subfield>
    <subfield code="4">0</subfield>
    <subfield code="7">0</subfield>
    <subfield code="a">BCEJYS</subfield>
    <subfield code="b">BCEJYS</subfield>
    <subfield code="c">17</subfield>
    <subfield code="d">1971-01-01</subfield>
    <subfield code="h">N&#xBA; 63 - ene./sep. 1971</subfield>
    <subfield code="l">0</subfield>
    <subfield code="o">H311.3 CIN 63</subfield>
    <subfield code="p">R16044</subfield>
    <subfield code="r">2026-04-10 16:09:17</subfield>
    <subfield code="w">2026-04-10</subfield>
    <subfield code="y">RN</subfield>
  </datafield>
  <datafield tag="952" ind1=" " ind2=" ">
    <subfield code="0">0</subfield>
    <subfield code="1">0</subfield>
    <subfield code="4">0</subfield>
    <subfield code="7">0</subfield>
    <subfield code="a">BCEJYS</subfield>
    <subfield code="b">BCEJYS</subfield>
    <subfield code="c">17</subfield>
    <subfield code="d">1971-01-01</subfield>
    <subfield code="h">N&#xBA; 62 - ene./jun. 1971</subfield>
    <subfield code="l">0</subfield>
    <subfield code="o">H311.3 CIN 62</subfield>
    <subfield code="p">R16043</subfield>
    <subfield code="r">2026-04-10 16:09:17</subfield>
    <subfield code="w">2026-04-10</subfield>
    <subfield code="y">RN</subfield>
  </datafield>
  <datafield tag="952" ind1=" " ind2=" ">
    <subfield code="0">0</subfield>
    <subfield code="1">0</subfield>
    <subfield code="4">0</subfield>
    <subfield code="7">0</subfield>
    <subfield code="a">BCEJYS</subfield>
    <subfield code="b">BCEJYS</subfield>
    <subfield code="c">17</subfield>
    <subfield code="d">1971-01-01</subfield>
    <subfield code="h">N&#xBA; 61 - ene./mar. 1971</subfield>
    <subfield code="l">0</subfield>
    <subfield code="o">H311.3 CIN 61</subfield>
    <subfield code="p">R16042</subfield>
    <subfield code="r">2026-04-10 16:09:17</subfield>
    <subfield code="w">2026-04-10</subfield>
    <subfield code="y">RN</subfield>
  </datafield>
  <datafield tag="952" ind1=" " ind2=" ">
    <subfield code="0">0</subfield>
    <subfield code="1">0</subfield>
    <subfield code="4">0</subfield>
    <subfield code="7">0</subfield>
    <subfield code="a">BCEJYS</subfield>
    <subfield code="b">BCEJYS</subfield>
    <subfield code="c">17</subfield>
    <subfield code="d">1970-01-01</subfield>
    <subfield code="h">N&#xBA; 60 - ene./dic. 1970</subfield>
    <subfield code="l">0</subfield>
    <subfield code="o">H311.3 CIN 60</subfield>
    <subfield code="p">R16776</subfield>
    <subfield code="r">2026-04-10 16:09:17</subfield>
    <subfield code="w">2026-04-10</subfield>
    <subfield code="y">RN</subfield>
  </datafield>
  <datafield tag="952" ind1=" " ind2=" ">
    <subfield code="0">0</subfield>
    <subfield code="1">0</subfield>
    <subfield code="4">0</subfield>
    <subfield code="7">0</subfield>
    <subfield code="a">BCEJYS</subfield>
    <subfield code="b">BCEJYS</subfield>
    <subfield code="c">17</subfield>
    <subfield code="d">1970-01-01</subfield>
    <subfield code="h">N&#xBA; 57 - ene./mar. 1970</subfield>
    <subfield code="l">0</subfield>
    <subfield code="o">H311.3 CIN 57</subfield>
    <subfield code="p">R16775</subfield>
    <subfield code="r">2026-04-10 16:09:17</subfield>
    <subfield code="w">2026-04-10</subfield>
    <subfield code="y">RN</subfield>
  </datafield>
  <datafield tag="952" ind1=" " ind2=" ">
    <subfield code="0">0</subfield>
    <subfield code="1">0</subfield>
    <subfield code="4">0</subfield>
    <subfield code="7">0</subfield>
    <subfield code="a">BCEJYS</subfield>
    <subfield code="b">BCEJYS</subfield>
    <subfield code="c">17</subfield>
    <subfield code="d">1970-01-01</subfield>
    <subfield code="h">N&#xBA; 59 - ene./sep. 1970</subfield>
    <subfield code="l">0</subfield>
    <subfield code="o">H311.3 CIN 59</subfield>
    <subfield code="p">R16041</subfield>
    <subfield code="r">2026-04-10 16:09:17</subfield>
    <subfield code="w">2026-04-10</subfield>
    <subfield code="y">RN</subfield>
  </datafield>
  <datafield tag="952" ind1=" " ind2=" ">
    <subfield code="0">0</subfield>
    <subfield code="1">0</subfield>
    <subfield code="4">0</subfield>
    <subfield code="7">0</subfield>
    <subfield code="a">BCEJYS</subfield>
    <subfield code="b">BCEJYS</subfield>
    <subfield code="c">17</subfield>
    <subfield code="d">1970-01-01</subfield>
    <subfield code="h">N&#xBA; 58 - ene./jun. 1970</subfield>
    <subfield code="l">0</subfield>
    <subfield code="o">H311.3 CIN 58</subfield>
    <subfield code="p">R16033</subfield>
    <subfield code="r">2026-04-10 16:09:17</subfield>
    <subfield code="w">2026-04-10</subfield>
    <subfield code="y">RN</subfield>
  </datafield>
  <datafield tag="952" ind1=" " ind2=" ">
    <subfield code="0">0</subfield>
    <subfield code="1">0</subfield>
    <subfield code="4">0</subfield>
    <subfield code="7">0</subfield>
    <subfield code="a">BCEJYS</subfield>
    <subfield code="b">BCEJYS</subfield>
    <subfield code="c">17</subfield>
    <subfield code="d">1969-01-01</subfield>
    <subfield code="h">N&#xBA; 55 - ene./sep. 1969</subfield>
    <subfield code="l">0</subfield>
    <subfield code="o">H311.3 CIN 55</subfield>
    <subfield code="p">R16774</subfield>
    <subfield code="r">2026-04-10 16:09:17</subfield>
    <subfield code="w">2026-04-10</subfield>
    <subfield code="y">RN</subfield>
  </datafield>
  <datafield tag="952" ind1=" " ind2=" ">
    <subfield code="0">0</subfield>
    <subfield code="1">0</subfield>
    <subfield code="4">0</subfield>
    <subfield code="7">0</subfield>
    <subfield code="a">BCEJYS</subfield>
    <subfield code="b">BCEJYS</subfield>
    <subfield code="c">17</subfield>
    <subfield code="d">1969-01-01</subfield>
    <subfield code="h">N&#xBA; 54 - ene./jun. 1969</subfield>
    <subfield code="l">0</subfield>
    <subfield code="o">H311.3 CIN 54</subfield>
    <subfield code="p">R16773</subfield>
    <subfield code="r">2026-04-10 16:09:17</subfield>
    <subfield code="w">2026-04-10</subfield>
    <subfield code="y">RN</subfield>
  </datafield>
</record>
